Countries with Diplomatic Relations with Bhutan - Sudden Death - Statistics

General Stats
  • This quiz has been taken 344 times
  • The average score is 2 of 24
Answers on the Grid
Answers color-coded by a green-red scale on the quiz's grid according to % correct below.
Australia
India
Poland
Pakistan
Germany
Japan
South Korea
Mongolia
Kazakhstan
Colombia
Brazil
Argentina
Vietnam
Thailand
Myanmar
Bangladesh
Indonesia
Nepal
Maldives
Denmark
Sweden
Serbia
Cuba
Afghanistan
Italy
Romania
Mexico
Ukraine
Philippines
South Africa
Nigeria
Chile
Venezuela
Iran
Greece
Russia
China
France
United Kingdom
United States
Ireland
Iceland
North Korea
Haiti
Malaysia
Chad
Estonia
Monaco
 
Answer Stats
Answer % Correct
India
37%
Bangladesh
19%
Nepal
17%
Japan
15%
Myanmar
15%
Vietnam
13%
Thailand
12%
Germany
11%
Pakistan
11%
Indonesia
10%
Australia
9%
Kazakhstan
9%
Mongolia
9%
Argentina
8%
Denmark
8%
Sweden
8%
Maldives
7%
Brazil
6%
South Korea
6%
Poland
5%
Afghanistan
4%
Colombia
4%
Serbia
4%
Cuba
3%
No matching quizzes found
Score Distribution
Percent of People with Each Score
Percentile by Number Answered
Your Score History
You have not taken this quiz